000
00303nam a2200133Ia 4500
008
240624s9999 xx 000 0 und d
041
_a
eng
082
_a
828 HAN
100
_a
HANDY CHARLES
245
_a
NEW ALCHEMISTS
260
_c
2004
_a
London
_b
Hutchinson
300
_a
238 : p.
365
_c
GBP
_b
30
999
_c
25356
_d
25356